<?xml version="1.0" encoding="UTF-8"?>
<marc:record xmlns:marc="http://www.loc.gov/MARC21/slim">
   <marc:leader>00000nam a2200000 a 4500</marc:leader>
   <marc:datafield ind1="1" ind2=" " tag="100">
      <marc:subfield code="a">Boehme, Julia</marc:subfield>
      <marc:subfield code="4">aut</marc:subfield>
      <marc:subfield code="e">Verfasser/-in</marc:subfield>
   </marc:datafield>
   <marc:datafield ind1=" " ind2=" " tag="653">
      <marc:subfield code="a">Laune</marc:subfield>
   </marc:datafield>
   <marc:datafield ind1=" " ind2=" " tag="653">
      <marc:subfield code="a">Launen</marc:subfield>
   </marc:datafield>
   <marc:datafield ind1="0" ind2="0" tag="245">
      <marc:subfield code="a">Hallo, kleines Muffelmonster!</marc:subfield>
   </marc:datafield>
   <marc:datafield ind1="0" ind2="0" tag="245">
      <marc:subfield code="b">oder Freunde machen ratzfatz gute Laune</marc:subfield>
   </marc:datafield>
   <marc:datafield ind1=" " ind2="1" tag="264">
      <marc:subfield code="b">Arena </marc:subfield>
      <marc:subfield code="c">2017</marc:subfield>
   </marc:datafield>
   <marc:datafield ind1="1" ind2=" " tag="520">
      <marc:subfield code="a">Endlich ist es wieder da, das kleine Muffelmonster ist zurück! Und es hat wieder mächtig schlechte Laune. Kein Wunder, dass Moritz etwas dagegen unternehmen will. Ob Aufräumen hilft? Oder doch lieber Würstchen mit Vanillesoße zum Mittagessen? Nein, mit all seinen Monsterfreunden Erschrecken-Verstecken zu spielen, macht dem kleinen Muffelmonster am meisten Spaß! Denn Freunde vertreiben Muffellaune einfach am allerbesten.</marc:subfield>
   </marc:datafield>
   <marc:datafield ind1=" " ind2=" " tag="020">
      <marc:subfield code="a">9783401700038</marc:subfield>
      <marc:subfield code="9">9783401700038</marc:subfield>
   </marc:datafield>
</marc:record>
